Music Quiz

Random Music or Kpop Quiz
Score 0/55 Timer 05:00
0 Plays Today
% Correct
you
98.9%
you
98.9%
you
98.9%
you
98.9%
you
98.9%
you
98.9%
you
98.9%
you
98.9%
you
98.9%
you
98.9%
the
98.4%
the
98.4%
the
98.4%
the
98.4%
the
98.4%
the
98.4%
the
98.4%
the
98.4%
the
98.4%
the
98.4%
feel
96.8%
feel
96.8%
feel
96.8%
feel
96.8%
feel
96.8%
feel
96.8%
feel
96.8%
feel
96.8%
% Correct
feel
96.8%
feel
96.8%
do
96.3%
same
96.3%
do
96.3%
same
96.3%
do
96.3%
same
96.3%
do
96.3%
same
96.3%
do
96.3%
same
96.3%
do
96.3%
same
96.3%
do
96.3%
same
96.3%
do
96.3%
same
96.3%
do
96.3%
same
96.3%
do
96.3%
same
96.3%
push
69.8%
push
69.8%
push
69.8%
push
69.8%
crazy
58.1%
Remove Ads.
Support Sporcle.
Get the best of Sporcle when you Go Orange. This ad-free experience offers more features, more stats, and more fun while also helping to support Sporcle. Thank you for becoming a member.

You're not logged in!

Compare scores with friends on all Sporcle quizzes.
OR
Log In

Show Comments

Extras

Top Quizzes Today


Score Distribution

Your Account Isn't Verified!

In order to create a playlist on Sporcle, you need to verify the email address you used during registration. Go to your Sporcle Settings to finish the process.

Report this User

Report this user for behavior that violates our Community Guidelines.

Details: